000 00909nam a22002534a 4500
005 20061226150017.0
008 051122s2007 njua b 001 0 eng
010 _aENG-91244
020 _a9780070655706
_c175.00
035 _aEN-74777
037 _bDBAD / PUB
040 _adpl
_bEnglish
082 _a647.94068
100 _aAndrews, Sudhir
245 _aHotel front office:
_cby Sudhir Andrews
_ba training manual /
250 _a2nd ed.
260 _aNew Delhi
_bTata McGraw-Hill Publishing
_c2009
300 _axxviii, 380 p. :
_bill. ;
_c24cm (pbk)
500 _aIncludes glossary and figures
650 _aHotel management.
650 _aHotel front desk personnel
942 _2ddc
_cEN
_h647.94068
_mAND
999 _c16455
_d16455